| 000 | 00515nam a2200205 a 4500 | ||
|---|---|---|---|
| 001 | 489 | ||
| 003 | CDMR | ||
| 005 | 20151103110001.0 | ||
| 008 | 130130s1987||||||||||||||||||||||||||||d | ||
| 020 | _a8477350906 | ||
| 040 |
_aCDMR _bcat _cCDMR |
||
| 100 | 1 |
_aOneto, José _9347 |
|
| 245 | 1 | 0 |
_aComando Madrid _cJosé Oneto |
| 260 |
_aBarcelona _c1987 _bEdiciones B |
||
| 300 | _a218 p. | ||
| 490 |
_aSerie Reporter _v2 |
||
| 650 | 0 | 4 |
_9797 _aReportatges literaris |
| 610 | 2 |
_94232 _aETA (Organització) |
|
| 942 |
_cMON _2udc |
||
| 999 |
_c489 _d489 |
||